[Event "Podolsk"]
[Site "Podolsk"]
[Date "1992.??.??"]
[Round "?"]
[White "Kiselev, Sergey"]
[Black "Gipslis, Aivars"]
[Result "0-1"]
[WhiteElo "2530"]
[BlackElo "2465"]

1.d4 Nf6 2.Nf3 e6 3.c4 Bb4+ 4.Nbd2 d5 5.Qa4+ Nc6 6.a3 Be7 7.e3 O-O 8.Qc2 a5
9.b3 Re8 10.Bd3 g6 11.Bb2 Bf8 12.O-O Bd7 13.Rfe1 Nh5 14.e4 Ne7 15.g3 c6 16.Ne5 f6
17.Nef3 b5 18.a4 b4 19.Bf1 Rc8 20.Rad1 Bh6 21.Bg2 Rf8 22.Re2 Rf7 23.Ne1 Rc7
24.Nd3 Bc8 25.Nf3 Ng7 26.Nc5 Qe8 27.Ne1 Kh8 28.Ned3 Qd8 29.Rde1 Kg8 30.f4 g5
31.fxg5 Bxg5 32.Bh3 Ng6 33.exd5 exd5 34.Bxc8 Qxc8 35.Ne6 Nxe6 36.Rxe6 Nf8
37.R6e2 Qf5 38.Rf1 Qg6 39.Rfe1 h5 40.Nc5 Qxc2 41.Rxc2 Rfe7 42.Rf1 h4 43.gxh4 Bxh4
44.Bc1 Ne6 45.Nxe6 Rxe6 46.cxd5 Rg7+ 47.Kh1 cxd5 48.Rc5 Bf2 49.Rxd5 Re4 50.Rxa5 Reg4
51.Ra8+ Kh7 52.Ra7 Rxa7 53.Rxf2 Rc7 54.Bb2 Re7 55.h3 Rg3 56.d5 Rxb3 57.Bxf6 Rf7
58.Kg2 Rd3 59.Ba1 Rxf2+ 60.Kxf2 b3 61.Ke2 Rxd5 62.Bc3 Kg6 63.Ke3  0-1

[Event "Porz op28"]
[Site "Porz"]
[Date "1992.??.??"]
[Round "8"]
[White "Schebler, Gerhard"]
[Black "Seul, Georg"]
[Result "0-1"]
[WhiteElo "2295"]
[BlackElo "2410"]

1.d4 Nf6 2.c4 e6 3.Nf3 Bb4+ 4.Nbd2 d5 5.Qa4+ Nc6 6.Ne5 Bd7 7.Nxc6 Bxd2+ 8.Bxd2 Bxc6
9.Qc2 dxc4 10.Qxc4 Ne4 11.Bb4 Qf6 12.f3 Qh4+ 13.g3 Nxg3 14.hxg3 Qxh1 15.Qc5 O-O-O
16.Qxa7 Qh5 17.Rd1 Qb5 18.Qa3 Qa4 19.Qc3 e5 20.b3 exd4 21.Rxd4 Qxa2 22.Rc4 Rhe8
23.Rc5 Kb8 24.Ra5 Qb1+ 25.Kf2 Rd1 26.Bg2 Qc1 27.Rh5 h6 28.Rc5 Qxc3 29.Bxc3 Rc1
30.b4 Rc2 31.Bf1 f6 32.Ke1 Rc1+ 33.Kf2 Bd7  0-1

[Event "Roquebrune rapid"]
[Site "Roquebrune"]
[Date "1992.??.??"]
[Round "14"]
[White "Kortschnoj, Viktor"]
[Black "Larsen, Bent"]
[Result "1/2-1/2"]
[WhiteElo "2585"]
[BlackElo "2535"]

1.d4 Nf6 2.c4 e6 3.Nf3 Bb4+ 4.Nbd2 b6 5.a3 Bxd2+ 6.Bxd2 Bb7 7.Bg5 d6 8.e3 Nbd7
9.b4 Qe7 10.Bd3 e5 11.Bf5 exd4 12.Qxd4 Ne5 13.Nxe5 dxe5 14.Qh4 Rd8 15.O-O h6
16.Rad1 O-O 17.Bxf6 Qxf6 18.Qxf6 gxf6 19.Bd7 Ba6 20.b5 Bc8 21.Bxc8 Rxd1 22.Rxd1 Rxc8
23.g3 Kf8 24.c5 bxc5 25.Rc1 a6 26.a4 axb5 27.axb5 Ra8 28.Rxc5 Ra5 29.e4 Kg7
30.Rd5 Ra4 31.f3 Rc4 32.Kg2 c6  1/2-1/2

[Event "Roquebrune rapid"]
[Site "Roquebrune"]
[Date "1992.??.??"]
[Round "19"]
[White "Karpov, Anatoly"]
[Black "Adams, Michael"]
[Result "1/2-1/2"]
[WhiteElo "2725"]
[BlackElo "2590"]

1.d4 Nf6 2.Nf3 e6 3.c4 Bb4+ 4.Nbd2 d5 5.Qa4+ Nc6 6.a3 Be7 7.e3 O-O 8.Qc2 a5
9.b3 Nb8 10.Bb2 c6 11.Bd3 Nbd7 12.O-O b6 13.cxd5 cxd5 14.Ne5 Bb7 15.Nc6 Bxc6
16.Qxc6 Rc8 17.Qa4 Ne8 18.b4 Nd6 19.b5 Bf6 20.Qb3 Qc7 21.Rac1 Qb7 22.a4 Rxc1
23.Rxc1 Rc8 24.Rc3 Rxc3 25.Qxc3 Nb8 26.f3 g6 27.e4 Bg5 28.Nf1 Qc8 29.Qxc8+ Nxc8
30.g3 Nd7 31.e5 f6 32.f4 Bh6 33.Kf2 fxe5 34.dxe5 Ne7 35.Bc2 g5 36.fxg5 Bxg5
37.h4 Bh6 38.Nh2 Bg7 39.Ng4 Ng6 40.Nf6+ Bxf6 41.exf6 Kf7 42.g4 Nxh4 43.g5 Ng6
44.Kg3 e5 45.Ba3 e4 46.Bb2 Ngf8 47.Kg4 Ne6 48.Bb3 Nc7 49.Bd4 Kg6 50.Be3 Ne5+
51.Kf4 Nd7 52.Kg3 Kf7 53.Bf4 Nc5 54.Bxc7 Nxb3 55.Bxb6 d4 56.Kf2 h6 57.gxh6 Kxf6
58.Bc7 Kg6 59.Bf4 Nc5 60.b6 Nb7 61.Kg3 Nc5 62.Kg4 Nb7 63.Kg3 Nc5 64.Kf2 Nb7
65.Ke2 Nc5 66.Kd2 Nb7 67.Kc2 Nc5 68.Kb2 Nxa4+ 69.Kc2 Nxb6 70.Bc7 Nc4 71.Kb3 Ne3
72.Bxa5 d3 73.Kc3 Nf1 74.Bb6 d2 75.Kc2 e3 76.Bxe3 Nxe3+ 77.Kxd2  1/2-1/2

[Event "Sailauf op"]
[Site "Sailauf"]
[Date "1992.??.??"]
[Round "3"]
[White "Bartels, Frank"]
[Black "Dietz, Holger"]
[Result "1/2-1/2"]
[WhiteElo "2295"]
[BlackElo "2255"]

1.d4 e6 2.c4 Nf6 3.Nf3 Bb4+ 4.Nbd2 d5 5.Qa4+ Nc6 6.a3 Bxd2+ 7.Bxd2 Ne4 8.Rd1 O-O
9.e3 Qe7 10.Qc2 a5 11.Bd3 f5 12.O-O Bd7 13.Be1 Rf6 14.Ne5 Rh6 15.f3 Nxe5
16.dxe5 Nc5 17.Rc1 Nxd3 18.Qxd3 dxc4 19.Qxc4 Bc6 20.Bg3 a4 21.Rfd1 g5 22.Rd4 Rg6
23.Be1 h5 24.Rcd1 g4 25.f4 h4 26.Bb4 Qe8 27.Qd3 Kh7 28.Rd8 Rxd8 29.Qxd8 Qxd8
30.Rxd8 h3 31.Be7 hxg2 32.Bf6 Rg8 33.Rxg8 Kxg8 34.Bd8  1/2-1/2

[Event "San Bernardino op"]
[Site "San Bernardino"]
[Date "1992.??.??"]
[Round "3"]
[White "Huss, Andreas"]
[Black "Petursson, Margeir"]
[Result "1/2-1/2"]
[WhiteElo "2385"]
[BlackElo "2565"]

1.d4 Nf6 2.Nf3 e6 3.c4 Bb4+ 4.Nbd2 b6 5.a3 Bxd2+ 6.Qxd2 Bb7 7.e3 O-O 8.Bd3 d5
9.b3 Nbd7 10.Bb2 c5 11.Qe2 cxd4 12.exd4 Nh5 13.Qe3 Qf6 14.Ne5 Nxe5 15.dxe5 Qh4
16.g3 Qh3 17.Bf1 Qf5 18.Bd3 Qh3 19.Bf1 Qf5 20.Bd3  1/2-1/2

[Event "San Bernardino op"]
[Site "San Bernardino"]
[Date "1992.??.??"]
[Round "6"]
[White "Epishin, Vladimir"]
[Black "Hort, Vlastimil"]
[Result "1/2-1/2"]
[WhiteElo "2630"]
[BlackElo "2560"]

1.d4 Nf6 2.c4 e6 3.Nf3 Bb4+ 4.Nbd2 b6 5.a3 Bxd2+ 6.Bxd2 Bb7 7.Bg5 h6 8.Bh4 d6
9.e3 Nbd7 10.Qc2 Qe7 11.Rd1 Be4 12.Qc3 g5 13.Bg3 Bg6 14.Nd2 Nh5 15.c5 O-O
16.cxd6 cxd6 17.Ba6 f5 18.f3 Ndf6 19.Bf2 Nd5 20.Qb3 Nhf6 21.O-O b5 22.Qxb5 Rab8
23.Qd3 Rxb2 24.Rb1 Rb6 25.Rxb6 axb6 26.Rc1 Ra8 27.Bc4 Kh7 28.g3 Qb7 29.Bb5 Rc8
30.Rxc8 Qxc8 31.Qc4 Qd8 32.Qc2 Qa8 33.a4 Qd8 34.e4 fxe4 35.fxe4 Qe7 36.h3 g4
37.Bf1 Qf7 38.h4 Ne7 39.Bd3 d5 40.e5 Ne8 41.Bxg6+ Qxg6 42.Qb3 Ng7 43.Qxb6 Qe8
44.a5 Qa4 45.Qb1+ Kg8 46.Nb3 Kf7 47.Qd3 Nc6 48.a6 Nf5 49.Kg2 Qa2 50.Nc5 Ncxd4
51.a7 Nf3 52.Qb3 Qxa7 53.Nxe6 Qd7 54.Nc5 Qc6 55.e6+ Kg6 56.Qb8 d4 57.Qg8+ Ng7
58.h5+ Kf5 59.Qf7+ Ke5 60.Qxg7+ Kd5 61.Nd3 Kc4 62.Nb2+ Kb3 63.Qd7 Qe4 64.Qb5+ Ka2
65.Nd3 Nd2+ 66.Kg1 Nf3+  1/2-1/2

[Event "ARG-chJ"]
[Site "San Rafael"]
[Date "1992.??.??"]
[Round "6"]
[White "Del Rey, Diego"]
[Black "Playa, Marcelo"]
[Result "0-1"]
[WhiteElo "2270"]
[BlackElo "2390"]

1.d4 Nf6 2.c4 e6 3.Nf3 Bb4+ 4.Nbd2 c5 5.a3 Bxd2+ 6.Qxd2 cxd4 7.b4 O-O 8.Bb2 d6
9.Qxd4 e5 10.Qh4 a5 11.b5 Nbd7 12.Rd1 Qe7 13.e3 Rd8 14.Ng5 Re8 15.Ne4 Nxe4
16.Qxe4 Nf6 17.Qh4 Be6 18.Be2 Rac8 19.O-O Qc7 20.Rc1 Nd7 21.Qg3 Nc5 22.Rfd1 f6
23.Bf3 Na4 24.Rd2 Nxb2 25.Rxb2 Qf7 26.Qh4 g5 27.Qh5 Qe7 28.Rbc2 Rc7 29.h4 Rec8
30.hxg5 fxg5 31.Be2 Qf6 32.Bg4 Bf7 33.Qh3 Rf8 34.Rd2 Rxc4 35.Rcd1 d5 36.Bf5 h6
37.Bd3 Be6 38.Qg3 Rg4 39.Qh2 Rh4 40.Qg3 Rg4 41.Qh2 e4 42.Bf1 Rh4 43.Qg3 Qf7
44.Be2 Qf6 45.Rc1 g4 46.Rc7 Qg5 47.Bd1 Qh5 48.Kf1 Rh1+ 49.Ke2 d4 50.Rxd4 Qxb5+
51.Kd2 Rxd1+ 52.Kxd1 Qf1+  0-1

[Event "Sao Paulo op"]
[Site "Sao Paulo"]
[Date "1992.??.??"]
[Round "?"]
[White "Correa, Aron A"]
[Black "Rodrigues, Adriano Pfuhl"]
[Result "1-0"]
[WhiteElo "2390"]
[BlackElo "2260"]

1.d4 Nf6 2.c4 e6 3.Nf3 Bb4+ 4.Nbd2 c5 5.e3 cxd4 6.exd4 O-O 7.Bd3 b6 8.O-O Bb7
9.a3 Be7 10.b4 d5 11.c5 a5 12.Rb1 axb4 13.axb4 Nfd7 14.Nb3 bxc5 15.Nxc5 Bc8
16.b5 h6 17.Be3 Bf6 18.Bc2 Nxc5 19.dxc5 e5 20.c6 Be6 21.Bc5 Re8 22.Re1 Qc7
23.Bb3 Nxc6 24.bxc6 Qxc6 25.Rc1 Qb7 26.Nxe5 Rec8 27.Nd3 Qb5 28.Be3 Rxc1 29.Bxc1 Ra1
30.Bc2 Bc3 31.Rf1 d4 32.Qe2 Bc4 33.Bd2 Ra2 34.Rb1 Bxd3 35.Bxd3 Rb2 36.Rxb2  1-0

[Event "Sitges op"]
[Site "Sitges"]
[Date "1992.??.??"]
[Round "9"]
[White "Yewdokimov, Oleg"]
[Black "Fernandez, Juan Luis"]
[Result "1-0"]
[WhiteElo "2380"]
[BlackElo "2290"]

1.d4 Nf6 2.c4 e6 3.Nf3 Bb4+ 4.Nbd2 b6 5.a3 Bxd2+ 6.Bxd2 Bb7 7.Bg5 d6 8.Qc2 Nbd7
9.Rd1 Qc8 10.b4 a5 11.e3 axb4 12.axb4 Be4 13.Bd3 Qb7 14.Bxe4 Qxe4 15.Qc3 Qg4
16.Bxf6 Qxg2 17.Rg1 Qxf3 18.Bxg7 Rg8 19.Qc2 Nf6 20.c5 Nh5 21.cxd6 cxd6 22.d5 exd5
23.Rg5 Ke7 24.Rf5 Rgc8 25.Qxc8 Qh1+ 26.Ke2 Rxc8 27.Rxh1 Nxg7 28.Rxd5 Rc2+
29.Rd2 Rc4 30.Rb2 Ne6 31.Ra1 b5 32.Ra7+ Nc7 33.Kd3 Kd7 34.Rc2 d5 35.Rxc4 bxc4+
36.Kd4 Kd6 37.Rxc7 Kxc7 38.e4 dxe4 39.Kxe4 Kc6 40.Kd4  1-0

[Event "St Petersburg-ch op"]
[Site "St Petersburg"]
[Date "1992.??.??"]
[Round "?"]
[White "Ivanov, Sergey"]
[Black "Mishuchkov, Nikolai M"]
[Result "1/2-1/2"]
[WhiteElo "2440"]
[BlackElo "2400"]

1.d4 Nf6 2.c4 e6 3.Nf3 Bb4+ 4.Nbd2 d5 5.Qa4+ Nc6 6.a3 Bxd2+ 7.Bxd2 Bd7 8.Qc2 a5
9.Rd1 Ne4 10.e3 Nd6 11.c5 Ne4 12.Bd3 f5 13.b4 axb4 14.axb4 Na7 15.O-O Bb5
16.Ne5 Bxd3 17.Qxd3 c6 18.f3 Nxd2 19.Qxd2 Nb5 20.Ra1 O-O 21.Ra5 g5 22.Rxa8 Qxa8
23.e4 f4 24.exd5 exd5 25.Re1 Qa3 26.h4 Qc3 27.Qxc3 Nxc3 28.hxg5 Re8 29.g3 fxg3
30.Kg2 Nb5 31.Kxg3 Nxd4 32.f4 Ra8 33.Nd7 Kf7 34.Kg4 Ra2 35.f5 Rg2+ 36.Kf4 Re2
37.Rxe2 Nxe2+ 38.Ke5 d4 39.Kd6 Nf4 40.Ne5+ Kf8 41.Nf3 d3 42.Ke5 Nh3 43.f6 Nxg5
44.Nxg5 d2 45.Ke6 d1=Q 46.Nxh7+ Kg8 47.f7+ Kxh7 48.f8=Q Qd5+ 49.Kf6 Qf3+
50.Ke7 Qe4+ 51.Kf7 Qg6+ 52.Ke7 Qe4+ 53.Kd8 Qxb4 54.Qd6 Kg7 55.Kc7 Kf7 56.Kc8 Qb5
57.Kb8 Kg7 58.Ka7 Qa6+ 59.Kb8 Qb5 60.Qc7+ Kg6 61.Qb6 Qxb6 62.cxb6  1/2-1/2

[Event "Stare Mesto op"]
[Site "Stare Mesto"]
[Date "1992.??.??"]
[Round "?"]
[White "Bagaturov, Giorgi"]
[Black "Zhidkov, Valery S"]
[Result "1/2-1/2"]
[WhiteElo "2435"]
[BlackElo "2415"]

1.d4 Nf6 2.Nf3 e6 3.c4 Bb4+ 4.Nbd2 b6 5.g3 Bb7 6.Bg2 c5 7.dxc5 Bxc5 8.O-O O-O
9.a3 d5 10.b4 Be7 11.Bb2 Nc6 12.cxd5 Nxd5 13.e4 Nc7 14.Qa4 a5  1/2-1/2

[Event "Stockholm op"]
[Site "Stockholm"]
[Date "1992.??.??"]
[Round "?"]
[White "Cramling, Pia"]
[Black "Sjoberg, Mats"]
[Result "1-0"]
[WhiteElo "2530"]
[BlackElo "2470"]

1.d4 Nf6 2.Nf3 e6 3.c4 Bb4+ 4.Nbd2 O-O 5.a3 Be7 6.e3 b6 7.Bd3 d5 8.O-O Bb7
9.b4 c5 10.bxc5 bxc5 11.Rb1 Qc8 12.cxd5 exd5 13.dxc5 Ba6 14.Nb3 Nbd7 15.Bb2 Bc4
16.Nfd4 Bxc5 17.Nf5 Qa6 18.Nxc5 Nxc5 19.Bxc4 dxc4 20.Qd6 Nfe4 21.Qxa6 Nxa6
22.Bxg7 Rfd8 23.Rfc1 Rd3 24.f3 Nd2 25.Rb5 Nc7 26.Rb7 Nd5 27.Be5 Nxe3 28.Nh6+ Kf8
29.Rxf7+ Ke8 30.Rxh7 Nb3 31.Re1 Rc8 32.Bf4 Rd1 33.Rxd1 Nxd1 34.Nf5 Rc6 35.Nd6+ Kf8
36.Bh6+  1-0

[Event "SWZ-GP Suhr"]
[Site "Suhr"]
[Date "1992.??.??"]
[Round "4"]
[White "Huss, Andreas"]
[Black "Giertz, Niklaus"]
[Result "1-0"]
[WhiteElo "2370"]
[BlackElo "2255"]

1.d4 Nf6 2.Nf3 e6 3.c4 Bb4+ 4.Nbd2 d5 5.Qa4+ Nc6 6.a3 Bd6 7.c5 Be7 8.b4 O-O
9.Qc2 e5 10.dxe5 Ng4 11.Bb2 f6 12.exf6 Bxf6 13.e3 Qe7 14.Bxf6 Rxf6 15.Bd3 a5
16.b5 Nce5 17.h3 Rh6 18.O-O Nxf3+ 19.Nxf3 Nf6 20.c6 Ne4 21.cxb7 Bxb7 22.Rfc1 c5
23.bxc6 Bxc6 24.Nd4 Bd7 25.Bxe4 dxe4 26.Qc5 Qe8 27.Qd5+ Kh8 28.Rc7 Rd8 29.Qxa5 Rh5
30.Rc5 Rh6 31.Re5 Qf8 32.Qc5 Rd6 33.Rxe4 Bxh3 34.Rf4 Qe7 35.Qh5 Bc8 36.Qf7  1-0

[Event "SWE-ch op"]
[Site "Vaxjo"]
[Date "1992.??.??"]
[Round "?"]
[White "Barkhagen, Jonas"]
[Black "Kretz, Johan"]
[Result "1-0"]
[WhiteElo "2405"]
[BlackElo "2215"]

1.Nf3 Nf6 2.c4 e6 3.d4 Bb4+ 4.Nbd2 b6 5.g3 Bb7 6.Bg2 c5 7.a3 Bxd2+ 8.Qxd2 O-O
9.O-O d6 10.b3 Qc7 11.Bb2 Nbd7 12.Rfd1 Ne4 13.Qe3 Rfe8 14.dxc5 bxc5 15.Nd2 Nef6
16.Bxb7 Qxb7 17.Rab1 Rab8 18.Bc3 Qc6 19.b4 h6 20.b5 Qa8 21.a4 Rbc8 22.Qd3 d5
23.e3 Ng4 24.Qe2 Nge5 25.f4 Ng6 26.Ne4 Qb8 27.Nd2 f5 28.Qf3 Qa8 29.cxd5 exd5
30.Nc4 dxc4 31.Qxa8 Rxa8 32.Rxd7 Re7 33.Rbd1 Rae8 34.Rxe7 Rxe7 35.Kf2 Rc7
36.Rd5 Ne7 37.Rd6 Kf7 38.Be5 Rb7 39.Ke2 Rb6 40.Rd7 a6 41.Bc7 Rb7 42.b6 a5
43.Kd2 Ke6 44.Rd6+ Kf7 45.Kc3 Nc8 46.Rc6  1-0

[Event "Oberliga Wuert9192"]
[Site "Wuerttemberg"]
[Date "1992.??.??"]
[Round "?"]
[White "Tibensky, Robert"]
[Black "Schmitt, Axel"]
[Result "1-0"]
[WhiteElo "2365"]
[BlackElo "2300"]

1.d4 Nf6 2.Nf3 e6 3.c4 Bb4+ 4.Nbd2 d6 5.Qc2 O-O 6.a3 Bxd2+ 7.Bxd2 Nc6 8.Rd1 e5
9.dxe5 dxe5 10.Bc3 Qe7 11.e3 a5 12.Be2 Bg4 13.h3 Bh5 14.Nh4 Bxe2 15.Kxe2 Qe6
16.Qa4 Ne4 17.Qb5 Qe7 18.Nf3 Nxc3+ 19.bxc3 Qxa3 20.Qxb7 Qc5 21.Qb5 Qb6 22.Qxb6 cxb6
23.Rd6 Rfc8 24.Rb1 Ra6 25.Kd1 Kf8 26.Kc2 Ke7 27.Rd5 f6 28.Rdb5 Nd8 29.Rxb6 Rxb6
30.Rxb6 Rxc4 31.Ra6 Ra4 32.Ra7+ Ke6 33.Kb2 Nf7 34.Nd2 Nd6 35.Rxg7 h5 36.Rh7 h4
37.Kb3 Ra1 38.Rxh4 Re1 39.Kc2 Re2 40.Kd1 Rxf2 41.Rg4 Kf7 42.Ke1 f5 43.Ra4 Rxg2
44.Rxa5 Rh2 45.Nf3 Rh1+ 46.Kf2 e4 47.Ng1 Rh2+ 48.Kg3 Rc2 49.Rc5 Rc1 50.Ne2 Rf1
51.Nd4 Kf6 52.Kg2 Re1 53.Kf2 Rh1 54.Rd5 Ke7 55.Nxf5+ Nxf5 56.Rxf5 Ke6 57.Rh5 Rc1
58.Rc5 Rh1 59.Rh5 Rc1 60.c4 Kd6 61.c5+ Ke6 62.c6 Kd6 63.Rh6+ Ke5 64.Rh7 Kf5
65.c7 Kg5 66.Re7 Kh4 67.Rh7+ Kg5 68.h4+ Kg4 69.Ke2 Rc6 70.Kd2 Rc5 71.Re7 Kxh4
72.Rxe4+ Kg3 73.Re7 Kg4 74.Kd3 Kf5 75.Kd4 Rc1 76.Re5+ Kf6 77.Rc5  1-0

[Event "Zalaegerszeg op"]
[Site "Zalaegerszeg"]
[Date "1992.??.??"]
[Round "?"]
[White "Szeles, Karoly"]
[Black "Horvath, Sandor"]
[Result "1/2-1/2"]
[WhiteElo "2355"]
[BlackElo "2360"]

1.d4 Nf6 2.c4 e6 3.Nf3 Bb4+ 4.Nbd2 b6 5.g3 Bb7 6.Bg2 O-O 7.O-O c5 8.a3 Bxd2
9.Bxd2 cxd4 10.Nxd4 Bxg2 11.Kxg2 d5 12.cxd5  1/2-1/2

[Event "Zalakaros op rap"]
[Site "Zalakaros"]
[Date "1992.??.??"]
[Round "7"]
[White "Kiss, Pal"]
[Black "Horvath, Gyula"]
[Result "1-0"]
[WhiteElo "2380"]
[BlackElo "2420"]

1.d4 Nf6 2.c4 e6 3.Nf3 Bb4+ 4.Nbd2 b6 5.a3 Bxd2+ 6.Bxd2 Bb7 7.Bf4 d6 8.e3 Nbd7
9.h3 Qe7 10.Be2 Ne4 11.Qc2 a5 12.b3 f5 13.Bh2 O-O 14.O-O Rf6 15.Rfd1 Rg6
16.d5 e5 17.Nd2 Qg5 18.Bf1 Ndf6 19.f4 exf4 20.Nxe4 Nxe4 21.exf4 Qh4 22.Rd3 c6
23.Rad1 cxd5 24.cxd5 Rc8 25.Qb2 h6 26.Rf3 Kh7 27.b4 axb4 28.axb4 Rf6 29.Qd4 Rc2
30.Bd3 Nc3 31.Bg3 Qh5 32.Re1 Rxg2+ 33.Kxg2 Bxd5 34.Re3 Re6 35.Qxc3  1-0

[Event "Casablanca"]
[Site "Zaragoza"]
[Date "1992.??.??"]
[Round "?"]
[White "Braga, Fernando"]
[Black "Torrecillas Martinez, Antonio"]
[Result "0-1"]
[WhiteElo "2405"]
[BlackElo "2325"]

1.d4 Nf6 2.c4 e6 3.Nf3 Bb4+ 4.Nbd2 b6 5.g3 Bb7 6.Bg2 O-O 7.O-O d5 8.Qc2 Be7
9.cxd5 exd5 10.Ne5 c5 11.dxc5 bxc5 12.Rd1 Qc7 13.Ndf3 Na6 14.Bf4 Qb6 15.Rac1 Rad8
16.Qa4 Rfe8 17.Bd2 Qe6 18.Ba5 Rb8 19.b3 Bd6 20.Nc6 Ra8 21.Bc3 d4 22.Nfxd4 cxd4
23.Nxd4 Qc8 24.Nb5 Bc5 25.Nd6 Bxd6 26.Bxf6 Bc5 27.Bd4 Bxg2 28.b4 Bc6 29.b5 Bd7
30.Bxc5 Nxc5 31.Qd4 Be6 32.Rxc5 Qb7 33.a4 a6 34.Rg5 g6 35.b6 a5 36.Rb5 Bh3
37.Qd5 Qxd5 38.Rbxd5 Rxe2 39.b7 Rb8 40.Rd8+ Rxd8 41.Rxd8+ Kg7 42.f3 Rg2+  0-1

[Event "Casablanca"]
[Site "Zaragoza"]
[Date "1992.??.??"]
[Round "?"]
[White "Garcia, Raul"]
[Black "Braga, Fernando"]
[Result "1/2-1/2"]
[WhiteElo "2270"]
[BlackElo "2405"]

1.d4 Nf6 2.c4 e6 3.Nf3 Bb4+ 4.Nbd2 d5 5.e3 O-O 6.a3 Be7 7.Bd3 b6 8.b3 c5
9.Bb2 cxd4 10.exd4 Bb7 11.O-O Nbd7 12.Qe2 Rc8 13.Rac1 Re8 14.Rfd1 Bf8 15.Qe3 g6
16.Bf1 Rc7 17.Ne5 Bg7  1/2-1/2

[Event "Aalborg op"]
[Site "Aalborg"]
[Date "1993.??.??"]
[Round "1"]
[White "Gipslis, Aivars"]
[Black "Christiansen, Jens Jorgen"]
[Result "1/2-1/2"]
[WhiteElo "2505"]
[BlackElo "2270"]

1.d4 Nf6 2.c4 e6 3.Nf3 Bb4+ 4.Nbd2 d5 5.Qa4+ Nc6 6.a3 Be7 7.Qc2 O-O 8.e3 a5
9.b3 Re8 10.Bb2 Bf8 11.Bd3 g6 12.O-O Bg7 13.Rad1 Bd7 14.Rfe1 Rc8 15.e4 Ne7
16.b4 axb4 17.axb4 Nc6 18.Qb3 b5 19.cxd5 exd5 20.e5 Nh5 21.Bxb5 Nxe5 22.Bxd7 Nxf3+
23.Nxf3 Qxd7 24.Ne5 Qb5 25.Rc1 Bf8 26.Qf3 f6 27.Nd3 c6 28.g3 Ng7 29.Bc3 Rxe1+
30.Rxe1 Re8 31.Rxe8 Nxe8 32.Qe3 Ng7 33.Nc5 Qb8 34.Kg2 Qd6 35.Qe2 Kf7 36.b5  1/2-1/2

[Event "AUT-chT"]
[Site "?"]
[Date "1993.??.??"]
[Round "?"]
[White "Moser, Guenter"]
[Black "Duer, Arne"]
[Result "0-1"]
[WhiteElo "2255"]
[BlackElo "2390"]

1.d4 Nf6 2.c4 e6 3.Nf3 Bb4+ 4.Nbd2 b6 5.a3 Bxd2+ 6.Qxd2 Bb7 7.b3 O-O 8.Bb2 d5
9.e3 Nbd7 10.Be2 Qe7 11.O-O Rfd8 12.Rac1 c5 13.Rfd1 Rac8 14.Qe1 cxd4 15.exd4 h6
16.Qb4 Qe8 17.c5 a5 18.Qe1 bxc5 19.Qxa5 cxd4 20.Qa7 Rb8 21.Qxd4 Qf8 22.Bb5 Ne8
23.Bxd7 Rxd7 24.Ne5 Rdd8 25.Rd3 f6 26.Nc6 Bxc6 27.Rxc6 e5 28.Qg4 Qf7 29.h3 d4
30.b4 Nd6 31.Bc1 Kh8 32.Qh4 Rbc8 33.Rxc8 Rxc8 34.Bxh6 Nf5 35.Qg4 g6 36.Bd2 Rc2
37.Qe4 Qa2 38.Bg5 fxg5 39.Qxe5+ Kh7 40.g4 Rc1+  0-1

[Event "AUT-chT"]
[Site "?"]
[Date "1993.??.??"]
[Round "?"]
[White "Moser, Guenter"]
[Black "Petschar, Kurt"]
[Result "1/2-1/2"]
[WhiteElo "2255"]
[BlackElo "2295"]

1.d4 Nf6 2.c4 e6 3.Nf3 Bb4+ 4.Nbd2 b6 5.a3 Bxd2+ 6.Qxd2 Bb7 7.e3 O-O 8.Bd3 d6
9.Qc2 Nbd7 10.e4 e5 11.d5 a5 12.h3 Nh5 13.Bg5 f6 14.Be3 Nc5 15.g4 Nf4 16.Bxf4 exf4
17.O-O-O Bc8 18.a4 Bd7 19.b3 Qe7 20.Rde1 Rae8 21.Kb2 g5 22.Ka2 Kg7 23.Rhg1 Rh8
24.h4 h6 25.Qd2 Reg8 26.Bc2 Kf7 27.h5 Bc8 28.Nd4 Nd7 29.Nc6 Qe8 30.f3 Ne5
31.Nd4 Bd7 32.Qc3 Qe7 33.Rd1 Ra8 34.Rd2 Rhd8 35.Bd1 Kg7 36.Be2 Qe8 37.Rgd1 Kf7
38.Kb2 Kg8 39.Re1 Kg7 40.Bd1 Kf7 41.Be2 Kg7 42.Bd1  1/2-1/2

[Event "Bad Ragaz op"]
[Site "?"]
[Date "1993.??.??"]
[Round "7"]
[White "Huss, Andreas"]
[Black "Ambroz, Jan"]
[Result "0-1"]
[WhiteElo "2410"]
[BlackElo "2420"]

1.d4 Nf6 2.Nf3 e6 3.c4 Bb4+ 4.Nbd2 O-O 5.a3 Be7 6.e4 d5 7.e5 Nfd7 8.cxd5 exd5
9.b4 b6 10.Qb3 c6 11.Bb2 a5 12.b5 a4 13.Qa2 Bb7 14.bxc6 Nxc6 15.Rc1 Na7 16.Bd3 b5
17.Bc3 Nb6 18.Rb1 Nc4 19.Bb4 Bxb4 20.Rxb4 Ba6 21.O-O Nc6 22.Rbb1 Qe7 23.Nxc4 bxc4
24.Bc2 Bc8 25.h3 Bd7 26.Rfe1 Na5 27.Rb4 Nb3 28.Qb1 g6 29.Qb2 Rfb8 30.Rxb8+ Rxb8
31.Re3 Be6 32.Re1 Rb7 33.Re3 Qc7 34.Qc3 Qe7 35.Qb2 Kg7 36.Kh1 Rb8 37.Re1 Rc8
38.Re3 Rc6 39.Kh2 Rb6 40.Kh1 Rb5 41.Kh2 Qc7 42.Qc3 Qe7 43.Qb2 Rb6 44.Kh1 Rb8
45.Kh2 Qf8 46.Kg3 h6 47.h4 Qe7 48.Re1 Rb7 49.Re3 Rb5 50.Re1 Qf8 51.Re3 Rb7
52.Re1 Rb8 53.Re3 c3 54.Qxc3 Qxa3 55.Qe1 Qb2 56.Qd1 Rb4 57.Rd3 Bf5 58.e6 Bxe6
59.Qe2 Kg8 60.Re3 Nxd4 61.Nxd4 Qxd4 62.Kh2 Qxh4+ 63.Kg1 Qf6 64.Qe1 Rc4 65.Bd3 Rf4
66.g3 Rf3 67.Rxf3 Qxf3 68.Bf1  0-1

[Event "Oberliga Bayern9394"]
[Site "Bayern"]
[Date "1993.??.??"]
[Round "?"]
[White "Kostic, Vladimir"]
[Black "Mandl, Robert"]
[Result "1/2-1/2"]
[WhiteElo "2330"]
[BlackElo "2420"]

1.d4 Nf6 2.c4 e6 3.Nf3 Bb4+ 4.Nbd2 b6 5.e3 Bb7 6.Be2 O-O 7.O-O c5 8.a3 Bxd2
9.Qxd2 Ne4 10.Qc2 f5 11.Rd1 d6 12.dxc5  1/2-1/2

[Event "Oberliga Bayern9394"]
[Site "Bayern"]
[Date "1993.??.??"]
[Round "?"]
[White "Grabert, Ralf"]
[Black "Schlingensiepen, Christian"]
[Result "1-0"]
[WhiteElo "2245"]
[BlackElo "2330"]

1.d4 Nf6 2.c4 e6 3.Nf3 Bb4+ 4.Nbd2 b6 5.a3 Bxd2+ 6.Bxd2 Bb7 7.Bg5 h6 8.Bh4 d6
9.e3 Nbd7 10.Bd3 O-O 11.O-O Qe8 12.Bc2 e5 13.d5 Nh5 14.g4 Nhf6 15.g5 Nh7
16.gxh6 g6 17.Kh1 Kh8 18.Rg1 b5 19.e4 bxc4 20.Ba4 Qc8 21.Qd2 Nc5 22.Bc2 Rb8
23.Qc3 c6 24.Nxe5 dxe5 25.Qxe5+ f6 26.Qe7 Qd7 27.Qxc5 cxd5 28.Rxg6 dxe4 29.Qe3 Qf5
30.Rg7 Bd5 31.Rd1 Bc6 32.Rd6 Rxb2 33.Rxc6 Rxc2 34.Rcc7 Ng5 35.Bxg5 Rc1+ 36.Qxc1 Qf3+
37.Kg1 Qg4+ 38.Kf1  1-0

[Event "JUG-chT2"]
[Site "Becici"]
[Date "1993.??.??"]
[Round "?"]
[White "Vojinovic, Goran"]
[Black "Mackic, Zoran"]
[Result "1-0"]
[WhiteElo "2330"]
[BlackElo "2345"]

1.d4 e6 2.Nf3 Nf6 3.c4 Bb4+ 4.Nbd2 O-O 5.e3 b6 6.Bd3 Bb7 7.O-O d5 8.a3 Be7
9.b4 c5 10.bxc5 bxc5 11.cxd5 cxd4 12.e4 exd5 13.e5 Ne4 14.Nxd4 Nd7 15.N2f3 Ndc5
16.Nf5 Re8 17.Bb2 Bf8 18.Bb5 Re6 19.Bd4 Rb6 20.Be2 Bc6 21.Nd6 Ba4 22.Qe1 Bxd6
23.exd6 Rxd6 24.Rb1 Rc8 25.Rc1 Re6 26.Be3 Nb3 27.Rxc8 Qxc8 28.Qb4 Nc3 29.Bd3 a5
30.Qh4 Ne4 31.Ng5 Rh6 32.Qf4 Rf6 33.Qe5 Bc6 34.Nxe4 dxe4 35.Bc4 a4 36.Rd1 h6
37.Qe7 Qf5 38.h3 Kh7 39.Rd8 Na5 40.Be2 Nb7 41.Rb8 Nd6 42.Qf8 Ne8 43.Rxe8 Bxe8
44.Qxe8 Re6 45.Qxa4 Qe5 46.Qd4 Qa5 47.Qb4 Qe5 48.a4 Re8 49.Qd4 Qb8 50.a5  1-0

[Event "Belgrade Trako"]
[Site "Belgrade"]
[Date "1993.??.??"]
[Round "7"]
[White "Szuhanek, Ranko"]
[Black "Makarov, Marat"]
[Result "1/2-1/2"]
[WhiteElo "2235"]
[BlackElo "2515"]

1.d4 Nf6 2.c4 e6 3.Nf3 Bb4+ 4.Nbd2 O-O 5.a3 Be7 6.e3 b6 7.Bd3 c5 8.b3 Bb7
9.O-O d6 10.Bb2 Nbd7 11.Rc1 Re8 12.Qe2  1/2-1/2

[Event "Berliner Sommer"]
[Site "Berlin"]
[Date "1993.??.??"]
[Round "?"]
[White "Lamprecht, Frank"]
[Black "Gipslis, Aivars"]
[Result "0-1"]
[WhiteElo "2330"]
[BlackElo "2505"]

1.d4 Nf6 2.c4 e6 3.Nf3 Bb4+ 4.Nbd2 O-O 5.a3 Be7 6.e3 d5 7.Bd3 b6 8.O-O c5
9.b3 cxd4 10.exd4 Bb7 11.Qe2 Nbd7 12.Bb2 Re8 13.Ne5 dxc4 14.bxc4 Nxe5 15.Qxe5 Bd6
16.Qe2 Qc7 17.h3 e5 18.d5 e4 19.Bxf6 exd3 20.Qg4 Bf8 21.Bb2 Re2 22.Rad1 b5
23.cxb5 Qc2 24.Bc1 Bxd5 25.Qd7 Be6 26.Qb7 Re8 27.Qxa7 Bc5 28.Qb7 Rxf2 29.Kh1 Rxf1+
30.Rxf1 Be3 31.b6 Bxd2 32.Bxd2 Qxd2 33.Qc6 Rc8 34.Qd6 Qb2 35.a4 h6 36.Kh2 g6
37.a5 Rc2 38.Rg1 Qb5 39.Qb8+ Kh7 40.b7 Bd5  0-1

[Event "Berliner Sommer"]
[Site "Berlin"]
[Date "1993.??.??"]
[Round "?"]
[White "Von Herman, Ulf"]
[Black "Wahls, Matthias"]
[Result "1/2-1/2"]
[WhiteElo "2280"]
[BlackElo "2480"]

1.d4 Nf6 2.c4 e6 3.Nf3 Bb4+ 4.Nbd2 O-O 5.a3 Be7 6.e3 b6 7.Bd3 c5 8.O-O Bb7
9.b3 d6 10.Bb2 Nbd7 11.Qe2 Rc8 12.b4 Re8 13.dxc5 bxc5 14.b5 Nf8 15.Rfd1 Rc7
16.Bc3 Qa8 17.Nb3 Ne4 18.Be1 Qc8 19.a4 f5 20.Ba5 Rd7 21.Nfd2 Ng6 22.f3 Ng5
23.Rac1 Rf8 24.f4 Ne4 25.Bxe4 fxe4 26.Qg4 Rf5 27.Nf1 Nf8 28.Ng3 Rf6 29.f5 exf5
30.Nxf5 Rg6 31.Nxe7+ Rxe7 32.Qxc8 Bxc8 33.Bd8 Rd7  1/2-1/2

[Event "Berliner Sommer"]
[Site "Berlin"]
[Date "1993.??.??"]
[Round "6"]
[White "Ikonnikov, Vyacheslav"]
[Black "Ksieski, Zbigniew"]
[Result "1-0"]
[WhiteElo "2475"]
[BlackElo "2340"]

1.d4 Nf6 2.Nf3 e6 3.c4 Bb4+ 4.Nbd2 O-O 5.a3 Be7 6.e4 d5 7.e5 Nfd7 8.cxd5 exd5
9.b4 f6 10.Bd3 fxe5 11.Nxe5 Nxe5 12.dxe5 Bf5 13.Nf3 a5 14.b5 c5 15.Bxf5 Rxf5
16.O-O Qd7 17.Qd3 Qe6 18.Rd1 d4 19.Bb2 Rf4 20.Bxd4 cxd4 21.Nxd4 Qxe5 22.Qc4+ Rf7
23.Nf3 Qf6 24.Qc8+ Bf8 25.Rac1 h6 26.a4 Qb6 27.h4 Kh7 28.h5 Bd6 29.Qe8 Rf6
30.Rxd6 Nd7 31.Qe4+ Kh8 32.Rxb6 Nxb6 33.Rc7 Nxa4 34.Ne5 Nb6 35.Qxb7 Rg8 36.Ng6+ Kh7
37.Qe4 Ra8 38.Nf8+ Kg8 39.Qh7+  1-0